[Event "9. Torneo Villa de Mondragón"]
[Site "Mondragón ESP"]
[Date "2009.10.09"]
[Round "1.1"]
[White "Hernandez Carmenates, Holden"]
[Black "Alvarez Dominguez, Francisco  Javier"]
[Result "1-0"]
[WhiteElo "2561"]
[BlackElo "1963"]
[PlyCount "75"]
[EventDate "2009.10.09"]
[EventType "swiss"]
[EventRounds "6"]
[EventCountry "ESP"]
[Source "lmi"]
[SourceDate "2009.10.09"]

1. e4 c5 2. Nf3 e6 3. d4 cxd4 4. Nxd4 Nc6 5. Nxc6 bxc6 6. Bd3 Nf6 7. O-O d6 8.
f4 Be7 9. Qe2 e5 10. f5 Qc7 11. c4 O-O 12. Nc3 Rd8 13. g4 d5 14. g5 Nxe4 15.
Bxe4 dxe4 16. Be3 g6 17. f6 Bf8 18. Nxe4 Qd7 19. Rfd1 Qg4+ 20. Qxg4 Bxg4 21.
Rxd8 Rxd8 22. c5 Bf3 23. Nf2 a5 24. Rc1 h6 25. h4 hxg5 26. hxg5 Rd5 27. b3 Be2
28. a3 Bd3 29. b4 axb4 30. axb4 Bb5 31. Rd1 Be2 32. Rd2 Bc4 33. Ng4 e4 34. Rxd5
cxd5 35. Ne5 Bb5 36. Kf2 Bg7 37. fxg7 Kxg7 38. c6 1-0

[Event "9. Torneo Villa de Mondragón"]
[Site "Mondragón ESP"]
[Date "2009.10.09"]
[Round "1.2"]
[White "Miguelez Garcia, Erlantz"]
[Black "Franco Alonso, Alejandro"]
[Result "0-1"]
[WhiteElo "1948"]
[BlackElo "2465"]
[PlyCount "50"]
[EventDate "2009.10.09"]
[EventType "swiss"]
[EventRounds "6"]
[EventCountry "ESP"]
[Source "lmi"]
[SourceDate "2009.10.09"]

1. e4 c5 2. Nf3 e6 3. d4 cxd4 4. Nxd4 Nc6 5. Nc3 Qc7 6. Be3 a6 7. Be2 Nf6 8.
Nb3 Bb4 9. Bd3 d5 10. exd5 Nxd5 11. Bd2 Nxc3 12. bxc3 Qe5+ 13. Qe2 Bxc3 14.
Qxe5 Bxd2+ 15. Kxd2 Nxe5 16. f4 Nxd3 17. cxd3 Bd7 18. Rhc1 Bc6 19. Nd4 Bd5 20.
f5 Kd7 21. fxe6+ fxe6 22. a3 Rhf8 23. Ke3 Rf6 24. Rc5 Rc8 25. Rxc8 Kxc8 0-1

[Event "9. Torneo Villa de Mondragón"]
[Site "Mondragón ESP"]
[Date "2009.10.09"]
[Round "1.3"]
[White "Argandoña Riveiro, Iñigo"]
[Black "Larios Villa, Francisco Javier"]
[Result "1-0"]
[WhiteElo "2375"]
[BlackElo "1948"]
[PlyCount "103"]
[EventDate "2009.10.09"]
[EventType "swiss"]
[EventRounds "6"]
[EventCountry "ESP"]
[Source "lmi"]
[SourceDate "2009.10.09"]

1. d4 d5 2. c4 c6 3. Nf3 Nf6 4. Nc3 e6 5. Bg5 Be7 6. e3 Nbd7 7. Qc2 a6 8. Bf4
O-O 9. c5 b5 10. a3 Nh5 11. Bd3 h6 12. h4 Nxf4 13. exf4 f5 14. h5 a5 15. Kf1
Bf6 16. Re1 Re8 17. b4 axb4 18. axb4 Nf8 19. g3 Bd7 20. Kg2 Qc7 21. Qb2 Ra7 22.
Ne5 Bxe5 23. Rxe5 Rea8 24. f3 Be8 25. Qd2 Qf7 26. g4 Nd7 27. Re2 Nf6 28. gxf5
Nxh5 29. Re5 Ra1 30. Rh4 Qf6 31. Rg4 exf5 32. Bxf5 Bf7 33. Bc2 Kf8 34. Rf5 Qe6
35. Rh4 Qg6+ 36. Rg4 Qe6 37. Re5 Qf6 38. Bb1 R1a3 39. Bh7 Rxc3 40. Qxc3 Ra2+
41. Bc2 Nxf4+ 42. Kg3 Ne6 43. Rf5 Qe7 44. Bb1 Qc7+ 45. Re5 Ra8 46. Kf2 g5 47.
Qd2 Nf4 48. Rxf4 gxf4 49. Qxf4 Kg7 50. Rg5+ hxg5 51. Qxc7 Ra1 52. Bf5 1-0

[Event "9. Torneo Villa de Mondragón"]
[Site "Mondragón ESP"]
[Date "2009.10.09"]
[Round "1.4"]
[White "Etxagibel Larranaga, Asier"]
[Black "Astasio Lopez, David"]
[Result "0-1"]
[WhiteElo "1945"]
[BlackElo "2315"]
[PlyCount "61"]
[EventDate "2009.10.09"]
[EventType "swiss"]
[EventRounds "6"]
[EventCountry "ESP"]
[Source "lmi"]
[SourceDate "2009.10.09"]

1. c4 e6 2. Nf3 d5 3. d4 Be7 4. g3 Nf6 5. Bg2 O-O 6. O-O Nbd7 7. b3 b6 8. Bb2
Bb7 9. Nbd2 c5 10. Rc1 Rc8 11. Ne5 Rc7 12. Ndf3 Qa8 13. Qd3 Rd8 14. Qb1 dxc4
15. Rxc4 b5 16. Rcc1 Nxe5 17. dxe5 Nd7 18. Rfd1 Rdc8 19. Ne1 Nb6 20. Ba3 a5 21.
e4 a4 22. bxa4 b4 23. Bb2 Nxa4 24. f3 Ba6 25. Nc2 Qa7 26. Kh1 h6 27. Bf1 Bxf1
28. Rxf1 Qa6 29. Rcd1 Nb6 30. a3 Nc4 31. Qa2 0-1

[Event "9. Torneo Villa de Mondragón"]
[Site "Mondragón ESP"]
[Date "2009.10.09"]
[Round "1.5"]
[White "Miguel Quintero, Francisco"]
[Black "Villar Moron, Roberto"]
[Result "1-0"]
[WhiteElo "2255"]
[BlackElo "1909"]
[PlyCount "81"]
[EventDate "2009.10.09"]
[EventType "swiss"]
[EventRounds "6"]
[EventCountry "ESP"]
[Source "lmi"]
[SourceDate "2009.10.09"]

1. e4 d5 2. exd5 Qxd5 3. d4 Nf6 4. Nf3 Bg4 5. Be2 e6 6. h3 Bh5 7. c4 Qd8 8. Nc3
Be7 9. Qb3 b6 10. Bg5 O-O 11. Rd1 Nc6 12. Be3 Na5 13. Qa4 Qe8 14. Qc2 Bg6 15.
Qc1 Bb4 16. O-O Bxc3 17. Qxc3 Ne4 18. Qa3 Bh5 19. Bf4 Rc8 20. Qe3 Nd6 21. b3
Nc6 22. Rfe1 Nf5 23. Qc3 Nd6 24. d5 Nd8 25. Ng5 Bxe2 26. Rxe2 h6 27. Nf3 Qe7
28. Rde1 Nf5 29. Nd4 Nxd4 30. Qxd4 Qh4 31. Qd2 c5 32. Bg3 Qf6 33. Be5 Qg6 34.
Re3 f6 35. Bd6 e5 36. Bxf8 Kxf8 37. d6 Nf7 38. f4 Rd8 39. fxe5 Nxe5 40. Qd5 Qf7
41. Rxe5 1-0

[Event "9. Torneo Villa de Mondragón"]
[Site "Mondragón ESP"]
[Date "2009.10.09"]
[Round "1.6"]
[White "Fernandez Zubitur, Jokin"]
[Black "Nava Pereda, Carlos"]
[Result "0-1"]
[WhiteElo "1869"]
[BlackElo "2248"]
[PlyCount "64"]
[EventDate "2009.10.09"]
[EventType "swiss"]
[EventRounds "6"]
[EventCountry "ESP"]
[Source "lmi"]
[SourceDate "2009.10.09"]

1. e4 c5 2. Nc3 Nc6 3. g3 g6 4. Bg2 Bg7 5. d3 d6 6. f4 e6 7. Nf3 Nge7 8. O-O
O-O 9. Be3 b6 10. d4 Ba6 11. Re1 cxd4 12. Nxd4 Rc8 13. Ndb5 d5 14. exd5 exd5
15. Nd4 Na5 16. Nce2 Nc4 17. Bc1 Nd6 18. Nc3 Ne4 19. Nxe4 dxe4 20. c3 Bxd4+ 21.
cxd4 Bd3 22. Bxe4 Qxd4+ 23. Be3 Qxe4 24. Bc5 Qd5 25. Re5 Qd8 26. Bxe7 Qd4+ 27.
Kg2 Rfe8 28. Bf6 Rxe5 29. Bxe5 Qe4+ 30. Kh3 h5 31. Rc1 Rd8 32. Qe1 Qf3 0-1

[Event "9. Torneo Villa de Mondragón"]
[Site "Mondragón ESP"]
[Date "2009.10.09"]
[Round "1.7"]
[White "Miguel Quintero, Antonio"]
[Black "Ruiz Abad, Juan Manuel"]
[Result "1/2-1/2"]
[WhiteElo "2174"]
[BlackElo "1828"]
[PlyCount "59"]
[EventDate "2009.10.09"]
[EventType "swiss"]
[EventRounds "6"]
[EventCountry "ESP"]
[Source "lmi"]
[SourceDate "2009.10.09"]

1. e4 c5 2. c3 d5 3. exd5 Qxd5 4. d4 Nf6 5. Nf3 Nc6 6. Be2 e6 7. O-O cxd4 8.
cxd4 Be7 9. Nc3 Qd8 10. Be3 O-O 11. Ne5 Nd5 12. Nxd5 exd5 13. Nxc6 bxc6 14. Bd3
f5 15. Rc1 Bd7 16. g3 Rb8 17. b3 Bd6 18. Qf3 Qf6 19. Bf4 Rb4 20. Bd2 Rbb8 21.
Bc3 Qh6 22. Rce1 f4 23. g4 Qh4 24. Be2 Rf6 25. h3 Bxg4 26. hxg4 Rh6 27. Qg2 f3
28. Bxf3 Bh2+ 29. Kh1 Bd6+ 30. Kg1 1/2-1/2

[Event "9. Torneo Villa de Mondragón"]
[Site "Mondragón ESP"]
[Date "2009.10.09"]
[Round "1.8"]
[White "De Andres Andres, Eugenio"]
[Black "Salinero De Prado, Juan Manuel"]
[Result "1-0"]
[WhiteElo "1820"]
[BlackElo "2174"]
[PlyCount "65"]
[EventDate "2009.10.09"]
[EventType "swiss"]
[EventRounds "6"]
[EventCountry "ESP"]
[Source "lmi"]
[SourceDate "2009.10.09"]

1. d4 Nf6 2. Nf3 g6 3. Bf4 Bg7 4. Nc3 c6 5. Qd2 b5 6. Bh6 Bxh6 7. Qxh6 b4 8.
Na4 Qa5 9. b3 d6 10. Nb2 Nbd7 11. Nc4 Qc7 12. Ng5 d5 13. Nd2 c5 14. e4 cxd4 15.
Bd3 Ne5 16. O-O Nh5 17. h3 Nxd3 18. cxd3 Qf4 19. Ndf3 Qf6 20. e5 Qg7 21. Qxg7
Nxg7 22. Nxd4 h6 23. Ngf3 Bd7 24. Rfc1 e6 25. Rc7 Nf5 26. Rac1 Kd8 27. Rb7 Re8
28. Rcc7 Re7 29. Nxf5 gxf5 30. Nd4 Rc8 31. Nc6+ Bxc6 32. Rxc8+ Kxc8 33. Rxe7
1-0

[Event "9. Torneo Villa de Mondragón"]
[Site "Mondragón ESP"]
[Date "2009.10.09"]
[Round "1.9"]
[White "Prieto Aranguren, Alain"]
[Black "Axpe Goikoetxea, Javier"]
[Result "1-0"]
[WhiteElo "2109"]
[BlackElo "1815"]
[PlyCount "61"]
[EventDate "2009.10.09"]
[EventType "swiss"]
[EventRounds "6"]
[EventCountry "ESP"]
[Source "lmi"]
[SourceDate "2009.10.09"]

1. d4 Nf6 2. c4 c5 3. e3 g6 4. Nc3 Bg7 5. Nf3 cxd4 6. exd4 d6 7. Be2 O-O 8. O-O
Nc6 9. Bg5 a6 10. Qd2 Re8 11. Rfd1 Qc7 12. Bxf6 exf6 13. Qf4 g5 14. Qd2 Bf5 15.
Bd3 Bg4 16. Bb1 Bh5 17. Nd5 Qd8 18. Ne3 Ne7 19. d5 Bg6 20. Nd4 Qd7 21. f4 Bxb1
22. Raxb1 Ng6 23. Nef5 Re4 24. Rf1 Rae8 25. Rf3 Bh8 26. h4 Qc7 27. h5 Qc5 28.
b4 Qb6 29. hxg6 fxg6 30. Nh6+ Kf8 31. c5 1-0

[Event "9. Torneo Villa de Mondragón"]
[Site "Mondragón ESP"]
[Date "2009.10.09"]
[Round "1.10"]
[White "Sanabria Alvaro, Oscar"]
[Black "Tornay Gomez, Josu"]
[Result "0-1"]
[WhiteElo "1813"]
[BlackElo "2107"]
[PlyCount "98"]
[EventDate "2009.10.09"]
[EventType "swiss"]
[EventRounds "6"]
[EventCountry "ESP"]
[Source "lmi"]
[SourceDate "2009.10.09"]

1. d4 d5 2. Nf3 Nc6 3. e3 Bg4 4. Be2 e6 5. b3 Nf6 6. Bb2 Ne4 7. a3 Bd6 8. Nbd2
f5 9. c4 O-O 10. Ne5 Bxe5 11. dxe5 Bxe2 12. Qxe2 Nxd2 13. Qxd2 dxc4 14. Qc3
cxb3 15. Rd1 Qe7 16. Qxb3 Rab8 17. O-O Rfd8 18. Rxd8+ Nxd8 19. a4 b6 20. Rd1
Nb7 21. Ba3 c5 22. h3 Rd8 23. Re1 Na5 24. Qc2 Qd7 25. Bc1 Qd3 26. Qa2 Qb3 27.
Qe2 Qxa4 28. g4 fxg4 29. hxg4 Qc4 30. Qf3 Qd5 31. Qg3 Nb3 32. e4 Qd3 33. Be3
Qxe4 34. Qh4 Rf8 35. Rd1 Nd4 36. Bxd4 cxd4 37. Qg3 Rf4 38. Qb3 Rxg4+ 39. Kf1
Qh1+ 40. Ke2 Re4+ 41. Kd2 Qh6+ 42. Kc2 Re2+ 43. Kb1 Rxf2 44. Qc4 Qg6+ 45. Kc1
Qg5+ 46. Kb1 Qxe5 47. Qc6 Kf8 48. Qb7 Qb5+ 49. Ka1 Qa4+ 0-1

[Event "9. Torneo Villa de Mondragón"]
[Site "Mondragón ESP"]
[Date "2009.10.09"]
[Round "1.11"]
[White "Alcaide Luque, Aitor"]
[Black "Alcaide Rodriguez, Mikel"]
[Result "1-0"]
[WhiteElo "2104"]
[BlackElo "1786"]
[PlyCount "81"]
[EventDate "2009.10.09"]
[EventType "swiss"]
[EventRounds "6"]
[EventCountry "ESP"]
[Source "lmi"]
[SourceDate "2009.10.09"]

1. d4 Nf6 2. Nf3 e6 3. Bg5 c5 4. e3 cxd4 5. exd4 Qb6 6. Qc1 Ne4 7. Be3 d5 8.
Bd3 f5 9. O-O Bd6 10. c4 Qd8 11. c5 Bc7 12. Nc3 Nxc3 13. bxc3 O-O 14. Bg5 Qe8
15. Bf4 Qe7 16. c4 Nc6 17. Re1 Bxf4 18. Qxf4 Nb4 19. Qd2 Nxd3 20. Qxd3 Qc7 21.
cxd5 exd5 22. Qb3 Bd7 23. Qxd5+ Kh8 24. Ng5 Bc6 25. Qe5 Qd7 26. Qe6 Qd5 27.
Qxd5 Bxd5 28. Ne6 Bxe6 29. Rxe6 Rad8 30. Rd1 Kg8 31. Re5 g6 32. d5 Rfe8 33. f4
Kf7 34. Kf2 Re7 35. Ke3 Red7 36. Kd4 Kf6 37. Rde1 Kf7 38. d6 b6 39. Re7+ Kf8
40. Rxd7 Rxd7 41. Kd5 1-0

[Event "9. Torneo Villa de Mondragón"]
[Site "Mondragón ESP"]
[Date "2009.10.09"]
[Round "1.12"]
[White "Fernandez Del Pozo, Anibal"]
[Black "Hernando Casas, Jose Manuel"]
[Result "0-1"]
[WhiteElo "1759"]
[BlackElo "2029"]
[PlyCount "44"]
[EventDate "2009.10.09"]
[EventType "swiss"]
[EventRounds "6"]
[EventCountry "ESP"]
[Source "lmi"]
[SourceDate "2009.10.09"]

1. d4 d5 2. Nf3 c6 3. g3 Bg4 4. Bg2 Nd7 5. O-O e6 6. Nbd2 Ngf6 7. Qe1 Be7 8. e4
dxe4 9. Nxe4 O-O 10. Bg5 h6 11. Bd2 Qb6 12. Bc3 Nd5 13. Ne5 Nxe5 14. dxe5 Nxc3
15. Qxc3 Be2 16. Rfb1 Rfd8 17. a3 Rd7 18. Nf6+ gxf6 19. exf6 Bc5 20. Qe5 Bxf2+
21. Kh1 Qe3 22. Qa5 Qd4 0-1

[Event "9. Torneo Villa de Mondragón"]
[Site "Mondragón ESP"]
[Date "2009.10.09"]
[Round "1.14"]
[White "Vallverdu Verge, Carme"]
[Black "Montolio Benedicto, Cesar"]
[Result "0-1"]
[WhiteElo "1600"]
[BlackElo "1991"]
[PlyCount "48"]
[EventDate "2009.10.09"]
[EventType "swiss"]
[EventRounds "6"]
[EventCountry "ESP"]
[Source "lmi"]
[SourceDate "2009.10.09"]

1. d4 Nf6 2. Bg5 e6 3. e4 h6 4. Bxf6 Qxf6 5. Nf3 d5 6. e5 Qd8 7. Bd3 c5 8. c3
Nc6 9. Nbd2 Qb6 10. Qb3 Qxb3 11. axb3 cxd4 12. cxd4 Bd7 13. O-O Bb4 14. Nb1 Ba5
15. Nc3 Bb6 16. Ne2 Nb4 17. Bb1 Bb5 18. Re1 Bxe2 19. Rxe2 Rc8 20. Re1 Kd7 21.
Rd1 Rc6 22. Bd3 Nxd3 23. Rxd3 Rhc8 24. Rad1 Rc2 0-1

[Event "9. Torneo Villa de Mondragón"]
[Site "Mondragón ESP"]
[Date "2009.10.09"]
[Round "1.15"]
[White "Beitia Amador-Carrandi, Ernesto"]
[Black "Alberdi Jarit, Gaizka"]
[Result "1-0"]
[WhiteElo "1988"]
[BlackElo "1583"]
[PlyCount "76"]
[EventDate "2009.10.09"]
[EventType "swiss"]
[EventRounds "6"]
[EventCountry "ESP"]
[Source "lmi"]
[SourceDate "2009.10.09"]

1. e4 d5 2. exd5 Qxd5 3. Nf3 Bg4 4. Be2 Nf6 5. O-O e6 6. Nc3 Qd8 7. Ne5 Bxe2 8.
Qxe2 c6 9. Re1 Nbd7 10. Nxf7 Kxf7 11. Qxe6+ Kg6 12. g4 h6 13. h4 Qc7 14. d4 Kh7
15. Qf7 Nxg4 16. Qf5+ Kg8 17. Qxg4 Nf6 18. Qe6+ Qf7 19. Bf4 Qxe6 20. Rxe6 Kf7
21. Rae1 Bb4 22. Bd6 Bxd6 23. Rxd6 Rhe8 24. Re5 Rad8 25. Rxd8 Rxd8 26. Ne2 Re8
27. Rxe8 Nxe8 28. Kg2 Nc7 29. c4 Ke6 30. Kf3 a6 31. Ke4 Ne8 32. d5+ cxd5+ 33.
cxd5+ Kd6 34. Nf4 b5 35. Kf5 b4 36. Ke4 Nc7 37. Kd4 Nb5+ 38. Kc4 Ke5 1-0

[Event "9. Torneo Villa de Mondragón"]
[Site "Mondragón ESP"]
[Date "2009.10.16"]
[Round "2.1"]
[White "Tornay Gomez, Josu"]
[Black "Hernandez Carmenates, Holden"]
[Result "0-1"]
[WhiteElo "2107"]
[BlackElo "2561"]
[PlyCount "74"]
[EventDate "2009.10.09"]
[EventType "swiss"]
[EventRounds "6"]
[EventCountry "ESP"]
[Source "lmi"]
[SourceDate "2009.10.09"]

1. e4 c5 2. Nf3 e6 3. d4 cxd4 4. Nxd4 a6 5. Bd3 g6 6. O-O Bg7 7. Be3 Ne7 8. c4
d5 9. cxd5 exd5 10. Nc3 dxe4 11. Bxe4 O-O 12. Qa4 Nd7 13. Nf3 Nf6 14. Rfd1 Qe8
15. Bc2 Qxa4 16. Bxa4 b5 17. Bc5 Re8 18. Bb3 Be6 19. Bxe6 fxe6 20. Rd2 Rac8 21.
Bd4 Red8 22. Rad1 Nf5 23. Bxf6 Rxd2 24. Rxd2 Bxf6 25. g4 Bxc3 26. bxc3 Nh6 27.
g5 Nf7 28. Rd3 Kf8 29. h4 Ke7 30. Kf1 e5 31. Ke2 Rc4 32. Re3 Ke6 33. Kd3 Ra4
34. Re2 Kf5 35. Ne1 Rxh4 36. Ng2 Ra4 37. f4 exf4 0-1

[Event "9. Torneo Villa de Mondragón"]
[Site "Mondragón ESP"]
[Date "2009.10.16"]
[Round "2.2"]
[White "Franco Alonso, Alejandro"]
[Black "Alcaide Luque, Aitor"]
[Result "1-0"]
[WhiteElo "2465"]
[BlackElo "2104"]
[PlyCount "47"]
[EventDate "2009.10.09"]
[EventType "swiss"]
[EventRounds "6"]
[EventCountry "ESP"]
[Source "lmi"]
[SourceDate "2009.10.09"]

1. d4 e6 2. c4 d5 3. Nf3 c5 4. cxd5 exd5 5. g3 Nc6 6. Bg2 Nf6 7. O-O Be7 8. Nc3
O-O 9. dxc5 d4 10. Na4 Bf5 11. Bg5 Be4 12. Bxf6 Bxf6 13. Ne1 Re8 14. Rc1 Bg5
15. Rc4 Qd5 16. b3 Rad8 17. Bxe4 Rxe4 18. Nc3 dxc3 19. Qxd5 Rxd5 20. Rxe4 f5
21. Rc4 Bf6 22. Nd3 g5 23. Rc1 Na5 24. R4xc3 1-0

[Event "9. Torneo Villa de Mondragón"]
[Site "Mondragón ESP"]
[Date "2009.10.16"]
[Round "2.3"]
[White "Hernando Casas, Jose Manuel"]
[Black "Argandoña Riveiro, Iñigo"]
[Result "0-1"]
[WhiteElo "2029"]
[BlackElo "2375"]
[PlyCount "84"]
[EventDate "2009.10.09"]
[EventType "swiss"]
[EventRounds "6"]
[EventCountry "ESP"]
[Source "lmi"]
[SourceDate "2009.10.09"]

1. e4 d6 2. d4 Nf6 3. Nc3 e5 4. Nf3 Nbd7 5. g3 Be7 6. Bg2 O-O 7. O-O c6 8. a4
Re8 9. a5 Bf8 10. h3 Rb8 11. Re1 Qc7 12. g4 g6 13. Bg5 h5 14. gxh5 Nxh5 15. Qd2
Bg7 16. dxe5 dxe5 17. Be3 Ra8 18. Bf1 Nf8 19. Red1 Ne6 20. Qd6 Qxd6 21. Rxd6
Nd4 22. Nxd4 exd4 23. Bxd4 Bf8 24. e5 Bxd6 25. exd6 Bf5 26. Rc1 Rad8 27. Bc5
Nf6 28. Na4 Ne4 29. Bxa7 Rxd6 30. Be3 Nd2 31. Bg2 Nc4 32. Bc5 Rd2 33. b3 Rxc2
34. Rxc2 Bxc2 35. bxc4 Bxa4 36. Bd6 Bb3 37. a6 bxa6 38. Bxc6 Rc8 39. Bb7 Rxc4
40. Be5 a5 41. Kg2 Rc5 42. Bd6 Rb5 0-1

[Event "9. Torneo Villa de Mondragón"]
[Site "Mondragón ESP"]
[Date "2009.10.16"]
[Round "2.4"]
[White "Astasio Lopez, David"]
[Black "Ruiz Martinez, Isidro"]
[Result "1-0"]
[WhiteElo "2315"]
[BlackElo "1966"]
[PlyCount "77"]
[EventDate "2009.10.09"]
[EventType "swiss"]
[EventRounds "6"]
[EventCountry "ESP"]
[Source "lmi"]
[SourceDate "2009.10.09"]

1. d4 Nf6 2. Nf3 g6 3. Nbd2 Bg7 4. e4 d6 5. Bc4 Nc6 6. O-O e5 7. c3 O-O 8. Re1
Nh5 9. Nb3 a5 10. Bg5 Bf6 11. Bh6 Bg7 12. Bxg7 Kxg7 13. dxe5 dxe5 14. Bd5 Qe7
15. Qe2 Nd8 16. Qe3 c6 17. Bc4 b5 18. Bf1 Nb7 19. a4 bxa4 20. Rxa4 Be6 21. c4
Bg4 22. Rea1 Bxf3 23. Qxf3 Nc5 24. Rxa5 Rxa5 25. Rxa5 Nxb3 26. Qxb3 Qg5 27. Qc3
Re8 28. g3 Nf6 29. Bg2 Nd7 30. b4 Rd8 31. Bf3 h5 32. h4 Qe7 33. Kg2 f6 34. Ra7
Qd6 35. c5 Qb8 36. Qa3 Kh8 37. Be2 Nf8 38. Qa2 Nd7 39. b5 1-0

[Event "9. Torneo Villa de Mondragón"]
[Site "Mondragón ESP"]
[Date "2009.10.16"]
[Round "2.5"]
[White "Segura Del Frago, Imanol"]
[Black "Miguel Quintero, Francisco"]
[Result "0-1"]
[WhiteElo "2003"]
[BlackElo "2255"]
[PlyCount "102"]
[EventDate "2009.10.09"]
[EventType "swiss"]
[EventRounds "6"]
[EventCountry "ESP"]
[Source "lmi"]
[SourceDate "2009.10.09"]

1. d4 g6 2. c4 Bg7 3. Nc3 Nc6 4. d5 Nb8 5. e4 d6 6. Be3 e5 7. Qd2 f5 8. Bg5 Nf6
9. Bh6 O-O 10. f3 Nxe4 11. fxe4 Qh4+ 12. g3 Qxh6 13. Qxh6 Bxh6 14. Bg2 Na6 15.
Rb1 Nc5 16. b4 Nxe4 17. Nxe4 fxe4 18. Bxe4 Bf5 19. Bxf5 Rxf5 20. Ne2 Raf8 21.
Rb3 Rf2 22. Ra3 a6 23. b5 R8f3 24. Ra4 Rg2 25. bxa6 bxa6 26. Rb4 Rff2 27. Rb8+
Kg7 28. Rb2 Bc1 29. Rc2 Ba3 30. Kd1 Bc5 31. h4 h5 32. Re1 Kf6 33. Rb2 a5 34.
Rb8 Kg7 35. Rb2 a4 36. Rb7 Kf6 37. Rb8 Kg7 38. Rb7 Kh6 39. Rb8 Rh2 40. Rh8+ Kg7
41. Rb8 a3 42. Rb7 Kf6 43. Rb8 Ke7 44. Rb3 Kd7 45. Rb5 Rhg2 46. Rb3 Kc8 47. Kd2
e4 48. Kd1 Rf3 49. Kc2 Bb6 50. Kd1 Rxb3 51. axb3 a2 0-1

[Event "9. Torneo Villa de Mondragón"]
[Site "Mondragón ESP"]
[Date "2009.10.16"]
[Round "2.6"]
[White "Nava Pereda, Carlos"]
[Black "De Andres Andres, Eugenio"]
[Result "1-0"]
[WhiteElo "2248"]
[BlackElo "1820"]
[PlyCount "61"]
[EventDate "2009.10.09"]
[EventType "swiss"]
[EventRounds "6"]
[EventCountry "ESP"]
[Source "lmi"]
[SourceDate "2009.10.09"]

1. Nf3 f5 2. g3 Nf6 3. Bg2 g6 4. O-O Bg7 5. d4 d6 6. b4 c6 7. c4 O-O 8. Bb2 Be6
9. d5 Bf7 10. Ng5 Qd7 11. Nd2 Na6 12. dxc6 bxc6 13. Qa4 Nb8 14. Nxf7 Kxf7 15.
Rab1 a6 16. b5 cxb5 17. cxb5 Ra7 18. Qb3+ Qe6 19. b6 Rd7 20. Qd3 d5 21. Nf3 Kg8
22. Ba1 Ne4 23. Bxg7 Kxg7 24. Rfc1 Qd6 25. Qd4+ Kg8 26. Ne5 Rb7 27. Bxe4 fxe4
28. Rc7 Rxc7 29. bxc7 Nc6 30. Nxc6 Qxc6 31. Qa7 1-0

[Event "9. Torneo Villa de Mondragón"]
[Site "Mondragón ESP"]
[Date "2009.10.16"]
[Round "2.7"]
[White "Montolio Benedicto, Cesar"]
[Black "Prieto Aranguren, Alain"]
[Result "0-1"]
[WhiteElo "1991"]
[BlackElo "2109"]
[PlyCount "104"]
[EventDate "2009.10.09"]
[EventType "swiss"]
[EventRounds "6"]
[EventCountry "ESP"]
[Source "lmi"]
[SourceDate "2009.10.09"]

1. e4 c6 2. d4 d5 3. Nc3 h6 4. Nf3 Bg4 5. Be2 e6 6. Ne5 Bxe2 7. Qxe2 dxe4 8.
Qxe4 Nf6 9. Qd3 Nbd7 10. Nxd7 Qxd7 11. Be3 Be7 12. O-O O-O 13. Rfd1 Rfd8 14.
Ne4 Nxe4 15. Qxe4 Qd5 16. Qxd5 cxd5 17. Bf4 Rac8 18. c3 Rc6 19. Kf1 Rdc8 20.
Ke2 b5 21. Kd3 a5 22. Rdc1 Rc4 23. b3 R4c6 24. a4 Rb6 25. Rcb1 g5 26. Bd2 Rcb8
27. axb5 Rxb5 28. c4 Rxb3+ 29. Rxb3 Rxb3+ 30. Kc2 dxc4 31. Rxa5 Rd3 32. Ra4
Rxd4 33. f3 Bd6 34. h3 Be5 35. Bc3 Rd5 36. Rxc4 Bxc3 37. Rxc3 Kg7 38. Rc4 Kf6
39. h4 Ke5 40. hxg5 hxg5 41. Rc7 f6 42. Rf7 f5 43. g3 Rd8 44. Rg7 Kf6 45. Ra7
Rh8 46. g4 Rd8 47. gxf5 exf5 48. Ra5 Ke6 49. Rb5 Rd5 50. Rb4 Ke5 51. Kc3 Rd1
52. Kc2 Rf1 0-1

[Event "9. Torneo Villa de Mondragón"]
[Site "Mondragón ESP"]
[Date "2009.10.16"]
[Round "2.8"]
[White "Irure Crespo, Egoitz"]
[Black "Miguel Quintero, Antonio"]
[Result "0-1"]
[WhiteElo "1967"]
[BlackElo "2174"]
[PlyCount "96"]
[EventDate "2009.10.09"]
[EventType "swiss"]
[EventRounds "6"]
[EventCountry "ESP"]
[Source "lmi"]
[SourceDate "2009.10.09"]

1. d4 d5 2. Nf3 Nf6 3. Bf4 e6 4. e3 Be7 5. Bd3 O-O 6. Nbd2 b6 7. Ne5 Bb7 8.
Ndf3 c5 9. c3 Nbd7 10. Qe2 Ne4 11. Nxd7 Qxd7 12. Bb5 Bc6 13. Ne5 Bxb5 14. Nxd7
Bxe2 15. Kxe2 Rfd8 16. Ne5 Rac8 17. f3 Nd6 18. Rac1 f6 19. Nd3 Nc4 20. h3 Re8
21. Bg3 Rc6 22. Rhd1 Bd6 23. Bxd6 Nxd6 24. Kf2 Rec8 25. Ke2 Kf7 26. Kf2 Nc4 27.
Ke2 a5 28. a4 Nd6 29. Kd2 Re8 30. b3 c4 31. bxc4 Nxc4+ 32. Ke2 Rec8 33. g3 Nd6
34. Kd2 h5 35. g4 hxg4 36. hxg4 Nc4+ 37. Ke2 Rh8 38. Rh1 Rcc8 39. e4 dxe4 40.
fxe4 Rxh1 41. Rxh1 Nd6 42. e5 Ne4 43. Ra1 Nxc3+ 44. Kd2 Nd5 45. Rb1 Rc4 46.
exf6 gxf6 47. g5 Rxd4 48. gxf6 Nb4 0-1

[Event "9. Torneo Villa de Mondragón"]
[Site "Mondragón ESP"]
[Date "2009.10.16"]
[Round "2.10"]
[White "Salinero De Prado, Juan Manuel"]
[Black "Sanabria Alvaro, Oscar"]
[Result "1-0"]
[WhiteElo "2174"]
[BlackElo "1813"]
[PlyCount "61"]
[EventDate "2009.10.09"]
[EventType "swiss"]
[EventRounds "6"]
[EventCountry "ESP"]
[Source "lmi"]
[SourceDate "2009.10.09"]

1. e4 d5 2. exd5 Qxd5 3. Nf3 Nf6 4. Be2 Bf5 5. O-O c6 6. c4 Qd8 7. d4 e6 8. Nc3
Be7 9. Nh4 Bg6 10. Nxg6 hxg6 11. Bf3 O-O 12. Be3 Nbd7 13. Re1 Nb6 14. Qe2 Re8
15. Rad1 Qc7 16. g3 Rad8 17. h4 Nbd7 18. Bg2 Nf8 19. Qc2 Bd6 20. c5 Be7 21. Bf4
Qc8 22. Qa4 a6 23. Qb3 Nd5 24. Bc1 Nd7 25. Nxd5 exd5 26. Bh3 f5 27. h5 gxh5 28.
Bxf5 Nxc5 29. Qf3 Qc7 30. Qxh5 Ne4 31. Be6+ 1-0

[Event "9. Torneo Villa de Mondragón"]
[Site "Mondragón ESP"]
[Date "2009.10.16"]
[Round "2.11"]
[White "Alcaide Rodriguez, Mikel"]
[Black "Miguelez Garcia, Erlantz"]
[Result "1-0"]
[WhiteElo "1786"]
[BlackElo "1948"]
[PlyCount "131"]
[EventDate "2009.10.09"]
[EventType "swiss"]
[EventRounds "6"]
[EventCountry "ESP"]
[Source "lmi"]
[SourceDate "2009.10.09"]

1. d4 Nf6 2. Bg5 d5 3. Bxf6 exf6 4. e3 Be6 5. g3 c6 6. Bg2 Qb6 7. Qc1 Bd6 8.
Ne2 Bf5 9. Nd2 Qa6 10. Nf4 Bxf4 11. gxf4 O-O 12. c4 c5 13. dxc5 Nc6 14. a3 Rfe8
15. O-O Bd3 16. Rd1 dxc4 17. Qc3 Rad8 18. b4 cxb3 19. Nxb3 Bc4 20. Nd4 Qa4 21.
Rd2 Na5 22. Rb2 Rc8 23. Rb4 Qd7 24. Rxc4 Nxc4 25. Qxc4 Qc7 26. Rc1 Qa5 27. Nb5
Red8 28. Bxb7 a6 29. Bxc8 axb5 30. Qb4 Qxb4 31. axb4 Rxc8 32. Rd1 Kf8 33. Rd6
Ra8 34. Rb6 Ra1+ 35. Kg2 Rc1 36. Rxb5 Ke7 37. Rb6 Kd7 38. Rb7+ Ke6 39. Rb8 h5
40. Rd8 Rc4 41. Rd4 Rc2 42. Kf3 f5 43. Kg3 f6 44. Rd6+ Ke7 45. Rb6 g5 46. fxg5
fxg5 47. Rg6 h4+ 48. Kh3 g4+ 49. Kxh4 Rxf2 50. Kg5 Rxh2 51. Kxf5 Re2 52. Rxg4
Kd7 53. e4 Rf2+ 54. Rf4 Rc2 55. e5 Re2 56. Kf6 Re1 57. Rd4+ Ke8 58. e6 Rf1+ 59.
Ke5 Re1+ 60. Kd6 Rh1 61. b5 Kd8 62. b6 Kc8 63. c6 Rh6 64. Rf4 Rh8 65. Rf6 Rd8+
66. Ke7 1-0